| 000 | 00553nam a2200217Ia 4500 | ||
|---|---|---|---|
| 003 | OSt | ||
| 005 | 20221005063018.0 | ||
| 006 | a|||||r|||| 00| 0 | ||
| 007 | ta | ||
| 008 | 221004b |||||||| |||| 00| 0 eng d | ||
| 024 | _a31915 | ||
| 037 | _cTextual | ||
| 040 |
_aCRL _cCRL _beng |
||
| 041 |
_2eng _aeng |
||
| 082 | _an65,N5, K4(RR) | ||
| 245 | 0 | _aWest African directory,1963-64. | |
| 260 |
_aLondon _bThomas Skinner UK _c1964 |
||
| 300 |
_a624p _ccm. |
||
| 942 |
_hn65,N5, K4(RR) _cTEXL _2cc |
||
| 999 |
_c970726 _d970726 |
||